| 000 | 02019aab a2200421 a 4500 | ||
|---|---|---|---|
| 003 | AR-RoUNA | ||
| 008 | 140529||||||||||||||||| |||| 0|||| d | ||
| 022 | _a0210-2080 | ||
| 040 |
_aAR-RoUNA _bspa |
||
| 041 |
_aspa _aeng |
||
| 044 | _aag | ||
| 080 | _a72.036 | ||
| 092 | _lON58 | ||
| 245 | 1 | 3 |
_aOn Diseño / _nNº 184 |
| 260 |
_aBarcelona : _bOn Diseño, _c1996 |
||
| 300 |
_a171 p. : _bdib. _bfot. col. _bplantas _c29x24 cm |
||
| 505 | 0 | _aGrec 97/ Con un seis y un cuatro aquí tienes tu retrato, o el Fauno del Grec 97. p. 70 | |
| 505 | 0 | _tPREMIOS FAD DE ARQUITECTURA E INTERIORISMO 1997 | |
| 505 | 0 | _aDos Viviendas en la Font de Fargas/ Barcelona Merce Zazurca y Pep Gorgas. p. 82 | |
| 505 | 0 | _aEscuela Riumar. Deltebre. Tarragona/ Manuel Ruisanchez y Xavier Vndrell. p.92 | |
| 505 | 0 | _aInstituto de enseñanza secundaria en Mollet. Barcelona/ Jaume Bach y Gabriel Mora. p. 102 | |
| 505 | 0 | _aInstituto de enseñanza secundaria en Torredembarra. Tarragona/ Josep Llinas. p. 112 | |
| 505 | 0 | _aParque de vehículos y vertedero. Girona/ Esteve Aymerich y Ton Salvado. p. 122 | |
| 505 | 0 | _aPabellón polideportivo en Vic, Barcelona/ Joan Forgas, Dolors Yta Catala y Julian Galindo. p. 130 | |
| 505 | 0 | _aVivienda Unifamiliar en Vallvidrera. Barcelona / Carlos Ferrater y Joan Guibermau. p. 140 | |
| 505 | 0 | _aExposición conmemorativa Museo de Arte Contemporáneo de Barcelona/ Luis Pau/ Estudio IDP. p. 150 | |
| 505 | 0 | _aHogar dulce Hogar/ Eulalia Coma, NIAL o Flynn, Gustau Gili, Amy Lelyeld y Julia Schulz - Dornburg. p. 158 | |
| 505 | 0 | _aPalladio en el Tinell/ BOPBA. Josep Bohigas, Francesc Pla e Iñaki Baquero. p. 166 | |
| 650 |
_aArquitectura contemporanea _912621 |
||
| 650 |
_aUrbanismo _95 |
||
| 700 | 1 |
_aLlopis, Carme _edrt _912622 |
|
| 773 |
_aOn Diseño _dBarcelona, AramEdiciones S.A. _gNº 184 (1997). p.171 _x0210-2080 |
||
| 908 | _aImp | ||
| 930 |
_c174 _e11442 |
||
| 942 |
_2udc _cART |
||
| 945 |
_aMBP _d2019-02-20 |
||
| 980 |
_86 _gMirna Bonanno Potro _66 _aMirna Bonanno Potro |
||
| 999 |
_c12196 _d12196 |
||